Political attitudes of the Roman Catholic Church in Hungary. (Record no. 90003)

MARC details
000 -LEADER
fixed length control field 00943cam a22002531 4500
001 - CONTROL NUMBER
control field sd 49000285
003 - CONTROL NUMBER IDENTIFIER
control field DLC
005 - DATE AND TIME OF LATEST TRANSACTION
control field 20260227112735.0
008 - FIXED-LENGTH DATA ELEMENTS--GENERAL INFORMATION
fixed length control field 900313s1944 dcu b 000 0 eng c
010 ## - LIBRARY OF CONGRESS CONTROL NUMBER
LC control number sd 49000285
035 ## - SYSTEM CONTROL NUMBER
System control number (OCoLC)21207734
040 ## - CATALOGING SOURCE
Original cataloging agency U.S. Dept. of State. Library.
Transcribing agency CSt-H
Modifying agency DLC
050 00 - LIBRARY OF CONGRESS CALL NUMBER
Classification number UB250
Item number .U33 no. 2026
082 ## - DEWEY DECIMAL CLASSIFICATION NUMBER
Classification number 282.4391
110 1# - MAIN ENTRY--CORPORATE NAME
Corporate name or jurisdiction name as entry element United States.
Subordinate unit Office of Strategic Services.
-- Research and Analysis Branch.
245 00 - TITLE STATEMENT
Title Political attitudes of the Roman Catholic Church in Hungary.
260 ## - PUBLICATION, DISTRIBUTION, ETC.
Place of publication, distribution, etc. Washington,
Date of publication, distribution, etc. 1944.
300 ## - PHYSICAL DESCRIPTION
Extent 55 p.
Dimensions 32 cm.
490 1# - SERIES STATEMENT
Series statement Its R & A
Volume/sequential designation no. 2026
504 ## - BIBLIOGRAPHY, ETC. NOTE
Bibliography, etc. note Appendices contain brief biographical data on members of the Roman and Greek Catholic clergy as of 1953.
610 20 - SUBJECT ADDED ENTRY--CORPORATE NAME
Corporate name or jurisdiction name as entry element Catholic Church
Geographic subdivision Hungary.
650 #0 - SUBJECT ADDED ENTRY--TOPICAL TERM
Topical term or geographic name entry element Church and state
Geographic subdivision Hungary.
810 1# - SERIES ADDED ENTRY--CORPORATE NAME
Corporate name or jurisdiction name as entry element United States.
Subordinate unit Department of State.
-- Office of Intelligence Research.
Title of a work R & A ;
Volume/sequential designation no. 2026.

No items available.

Powered by Koha